[Event "VEN-ch U20 Girls"]
[Site "Maracay"]
[Date "2018.05.31"]
[Round "7"]
[White "Chavez Garcia, Vidaluz Gregoria"]
[Black "Matute Escobar, Roxanny"]
[Result "1/2-1/2"]
[WhiteElo "1552"]
[BlackElo "1797"]
[PlyCount "87"]
[EventDate "2018.05.31"]
[EventType "swiss"]
[EventRounds "7"]
[EventCountry "VEN"]
[SourceTitle "EXT 2019"]
[Source "ChessBase"]
[SourceDate "2018.10.10"]
[SourceVersion "1"]
[SourceVersionDate "2018.10.10"]
[SourceQuality "1"]

1. d4 Nf6 2. c4 g6 3. Nc3 Bg7 4. e4 d6 5. f4 0-0 6. Nf3 c5 7. d5 e6 8. dxe6 Bxe6 9. Bd3 Nc6 10. f5 Bd7 11. 0-0 a6 12. Bg5 Ne7 13. fxg6 fxg6 14. Qe1 h6 15. Bf4 Bc6 16. Rd1 Nh5 17. Be3 Qd7 18. Be2 Qe6 19. Qd2 Bxe4 20. Nxe4 Qxe4 21. Bd3 Qg4 22. Bxh6 Bxh6 23. Qxh6 Nf4 24. Rd2 Nxd3 25. Rxd3 Nf5 26. Qg5 Qxg5 27. Nxg5 Nd4 28. Rxf8+ Rxf8 29. Re3 b5 30. b3 bxc4 31. bxc4 Rb8 32. Nf3 Nxf3+ 33. Rxf3 Rb4 34. Rf6 Kg7 35. Rxd6 a5 36. Ra6 a4 37. Ra5 Rxc4 38. Kf1 Kf6 39. Ke2 Rc2+ 40. Kf3 Rxa2 41. Rxc5 Rb2 42. Ra5 Rb3+ 43. Ke4 a3 44. Kd4 1/2-1/2

[Event "VEN-ch U20 Girls"]
[Site "Maracay"]
[Date "2018.05.31"]
[Round "5"]
[White "Chavez Garcia, Vidaluz Gregoria"]
[Black "Perez Hernandez, Vicmary C"]
[Result "0-1"]
[WhiteElo "1552"]
[BlackElo "1703"]
[PlyCount "140"]
[EventDate "2018.05.31"]
[EventType "swiss"]
[EventRounds "7"]
[EventCountry "VEN"]
[SourceTitle "EXT 2019"]
[Source "ChessBase"]
[SourceDate "2018.10.10"]
[SourceVersion "1"]
[SourceVersionDate "2018.10.10"]
[SourceQuality "1"]

1. d4 Nf6 2. c4 g6 3. Nc3 Bg7 4. e4 d6 5. f4 0-0 6. Nf3 c5 7. d5 Re8 8. Bd3 e6 9. dxe6 Bxe6 10. 0-0 Nc6 11. f5 Bc8 12. Bg5 Qc7 13. Nd2 Rf8 14. Qe1 Ne5 15. Bc2 h6 16. Bxf6 Bxf6 17. Nd5 Qd8 18. a4 b6 19. Ra3 g5 20. Rh3 Kg7 21. b3 Bb7 22. Qe2 Bxd5 23. exd5 Qe7 24. Ne4 Rae8 25. Re1 Nd7 26. Qh5 Rh8 27. Kh1 Bd4 28. Rf1 Nf6 29. Nxf6 Qxf6 30. Qd1 Re5 31. g4 Rhe8 32. Bd3 Be3 33. Rg3 Bf4 34. Rg2 Re3 35. Re2 Qd4 36. Rxe3 Rxe3 37. Bc2 Qxd1 38. Bxd1 Re8 39. Re1 Kf6 40. Kg1 Bd2 41. h3 Kg7 42. Bf3 Kf8 43. Re2 Re3 44. Kg2 Rxb3 45. Rxd2 Rc3 46. Be2 Rg3+ 47. Kf1 Rxh3 48. a5 Kg7 49. axb6 axb6 50. Rb2 Rh1+ 51. Kg2 Rh2+ 52. Kf3 Rh3+ 53. Kg2 Rg3+ 54. Kf2 Re3 55. Rxb6 Rc3 56. Kf1 Kf6 57. Rb8 h5 58. gxh5 Re3 59. Kg2 Kxf5 60. Re8 Kf6 61. Ra8 Rg3+ 62. Kf2 Rh3 63. Ra1 Rh2+ 64. Kf3 Rxh5 65. Rg1 Rh3+ 66. Kg4 Rh4+ 67. Kf3 Ke5 68. Rg4 Rxg4 69. Kxg4 f5+ 70. Kf3 g4+ 0-1

[Event "VEN-ch U14 Girls"]
[Site "Caracas"]
[Date "2016.10.29"]
[Round "3.5"]
[White "Chavez Garcia, Vidaluz Gregoria"]
[Black "Guillen Carrillo, Neritza Esther"]
[Result "1-0"]
[WhiteElo "1520"]
[BlackElo "1508"]
[PlyCount "127"]
[EventDate "2016.10.27"]
[EventType "swiss"]
[EventRounds "7"]
[EventCountry "VEN"]
[SourceTitle "EXT 2022"]
[Source "ChessBase"]
[SourceDate "2021.10.06"]
[SourceVersion "1"]
[SourceVersionDate "2021.10.06"]
[SourceQuality "1"]

1. d4 d5 2. Nf3 Nf6 3. e3 Bg4 4. Bd3 Nc6 5. c4 e6 6. Nc3 Bb4 7. 0-0 0-0 8. a3 Bxc3 9. bxc3 e5 10. Be2 Re8 11. cxd5 Qxd5 12. c4 Qd8 13. Bb2 exd4 14. Nxd4 Bxe2 15. Nxe2 Ne5 16. Qc2 Qe7 17. Rad1 Rad8 18. Nf4 Qc5 19. Rc1 Rd7 20. Bd4 Qa5 21. Qb2 b6 22. Qb4 Qxb4 23. axb4 c6 24. Rfd1 Ng6 25. Nxg6 hxg6 26. Bxf6 Rxd1+ 27. Rxd1 gxf6 28. Kf1 Kf8 29. Ke2 Ke7 30. Ra1 Ra8 31. h4 a5 32. bxa5 bxa5 33. Kd3 Kd6 34. g4 a4 35. h5 gxh5 36. gxh5 Rh8 37. Rh1 Kc5 38. Kc3 Ra8 39. h6 a3 40. h7 a2 41. Kb2 Rh8 42. Kxa2 Kxc4 43. Kb2 Kd5 44. f3 Ke5 45. Kc3 Kf5 46. Kc4 Kg6 47. Kc5 Rxh7 48. Rxh7 Kxh7 49. Kxc6 f5 50. Kd6 Kg6 51. Kd5 f4 52. e4 Kf6 53. Kd6 Kg6 54. Ke7 f6 55. Ke6 Kg7 56. Kf5 Kf7 57. Kxf4 Ke6 58. Ke3 f5 59. Kf4 Kf6 60. exf5 Kf7 61. Ke5 Ke7 62. f6+ Kf7 63. Kf5 Kf8 64. Ke6 1-0

[Event "VEN-ch U14 Girls"]
[Site "Caracas"]
[Date "2016.10.28"]
[Round "1.1"]
[White "Chavez Garcia, Vidaluz Gregoria"]
[Black "Matute Escobar, Roxanny"]
[Result "0-1"]
[WhiteElo "1520"]
[BlackElo "1520"]
[PlyCount "66"]
[EventDate "2016.10.27"]
[EventType "swiss"]
[EventRounds "7"]
[EventCountry "VEN"]
[SourceTitle "EXT 2022"]
[Source "ChessBase"]
[SourceDate "2021.10.06"]
[SourceVersion "1"]
[SourceVersionDate "2021.10.06"]
[SourceQuality "1"]

1. d4 Nf6 2. c4 g6 3. Nc3 Bg7 4. e4 d6 5. f4 0-0 6. Nf3 a6 7. Be2 c5 8. d5 e6 9. 0-0 Re8 10. Qc2 exd5 11. cxd5 b5 12. Nd2 b4 13. Nd1 Nxd5 14. Nc4 Nf6 15. Bf3 Nc6 16. Be3 Bb7 17. Nf2 Qc7 18. Rad1 Rad8 19. Rfe1 Na5 20. Nxd6 Rxd6 21. Rxd6 Qxd6 22. e5 Qc7 23. Bxb7 Nxb7 24. exf6 Bxf6 25. Nd3 a5 26. b3 Qd6 27. Qd1 Rd8 28. Qf3 Qxd3 29. Qxb7 Bc3 30. Rf1 Qxe3+ 31. Kh1 Qe2 32. Qf3 Qxf3 33. gxf3 Rd2 0-1

[Event "VEN-ch U14 Girls 3rd"]
[Site "San Antonio"]
[Date "2016.04.02"]
[Round "3.1"]
[White "Chavez Garcia, Vidaluz Gregoria"]
[Black "Quintero Escalona, Genesis Naile"]
[Result "0-1"]
[WhiteElo "1577"]
[BlackElo "1682"]
[PlyCount "59"]
[EventDate "2016.04.01"]
[EventType "swiss"]
[EventRounds "7"]
[EventCountry "VEN"]
[SourceTitle "EXT 2022"]
[Source "ChessBase"]
[SourceDate "2021.10.06"]
[SourceVersion "1"]
[SourceVersionDate "2021.10.06"]
[SourceQuality "1"]

1. d4 e6 2. e4 d5 3. e5 c5 4. c3 Nc6 5. Nf3 Nge7 6. Bd3 Qb6 7. 0-0 Bd7 8. Bc2 Ng6 9. Re1 Be7 10. b3 0-0 11. Be3 Rac8 12. Nbd2 cxd4 13. cxd4 Nb4 14. Bb1 Bb5 15. Nf1 Qa6 16. a4 Bd3 17. Bxd3 Nxd3 18. Re2 Ngf4 19. Bxf4 Nxf4 20. Rc2 Rc6 21. Rxc6 bxc6 22. Qd2 Nd3 23. Qe2 Nb4 24. Qxa6 Nxa6 25. Ng3 f6 26. Ne2 c5 27. Rd1 fxe5 28. Nxe5 Bd6 29. Nc6 Rf7 30. Re1 0-1